| 000 | 00665nam a22001937a 4500 | ||
|---|---|---|---|
| 999 |
_c104253 _d104253 |
||
| 005 | 20230202123558.0 | ||
| 010 | _aUR-9532 | ||
| 020 |
_a9789350738078 _c180.00 |
||
| 035 | _aU-8087 | ||
| 037 | _bDBAD/PUB | ||
| 082 | _a440.33 | ||
| 100 | _aر یا ض ا حمد | ||
| 245 |
_aکیر لہ میں اردو / _cر یا ض ا حمد |
||
| 246 |
_aKerala Mein Urdu / _bBy Riyaz Ahmad |
||
| 260 |
_aدہلی _bا یجو کیشنل پبلشنگ ہا ؤ س _c2016 ء |
||
| 270 |
_a٣١٩١،وکیل سٹریٹ،کچہ پنڈت ، لال کان _bدھلی _e110006 _k23216162 |
||
| 300 |
_a183ص _c22cm(Hb) |
||
| 942 |
_2ddc _cUR _h440.33 _mر ی ا |
||